| 000 | 00447nam a2200145 4500 | ||
|---|---|---|---|
| 005 | 20260120094126.0 | ||
| 008 | 260120b |||||||| |||| 00| 0 eng d | ||
| 020 | _a9781337569330 | ||
| 100 | _aWest Jill, Andrews Jean & Dean Tamara | ||
| 245 |
_aCompTIA: Network+ Guide to Networks _c/Tamara Dean |
||
| 250 | _a8th ed | ||
| 260 |
_aUnited States of American; _bCengage Learning, Inc; _c2019. |
||
| 300 |
_axxx, 847p.; ill, _c23cm. |
||
| 942 |
_2lcc _n1 _cBK |
||
| 999 |
_c139 _d139 |
||